000 00294nam a2200133Ia 4500
100 _aUnadkat C.L. & others
942 _cBK
654 _aComputer
245 _aOracle 6/7 SQC Report Writer
260 _bBPB
_aNew Delhi
_c1995
082 _a5.13
_bPAN
546 _aENGLISH
999 _c34334
_d34334